Electronic communications technology / (Record no. 197588)
[ view plain ]
| 000 -LEADER | |
|---|---|
| fixed length control field | 00952 a2200205 4500 |
| 003 - CONTROL NUMBER IDENTIFIER | |
| control field | Nust |
| 005 - DATE AND TIME OF LATEST TRANSACTION | |
| control field | 20221209150609.0 |
| 020 ## - INTERNATIONAL STANDARD BOOK NUMBER | |
| International Standard Book Number | 0-13-250432-4 (Prentice-Hall) |
| 020 ## - INTERNATIONAL STANDARD BOOK NUMBER | |
| International Standard Book Number | 0-8359-1604-9 (Reston) ; |
| 040 ## - CATALOGING SOURCE | |
| Transcribing agency | Nust |
| 082 ## - DEWEY DECIMAL CLASSIFICATION NUMBER | |
| Classification number | 621.382,HAR |
| Author Mark | 0413 |
| 100 1# - MAIN ENTRY--PERSONAL NAME | |
| Personal name | Hardy, James K |
| 9 (RLIN) | 104570 |
| 245 10 - TITLE STATEMENT | |
| Title | Electronic communications technology / |
| Statement of responsibility, etc. | James K. Hardy |
| 260 ## - PUBLICATION, DISTRIBUTION, ETC. | |
| Place of publication, distribution, etc. | Englewood Cliffs, N.J. : |
| Name of publisher, distributor, etc. | Prentice-Hall, |
| Date of publication, distribution, etc. | cop. 1986 |
| 300 ## - PHYSICAL DESCRIPTION | |
| Extent | 420p. : |
| Other physical details | ill. |
| 500 ## - GENERAL NOTE | |
| General note | "A Reston book." |
| 505 ## - FORMATTED CONTENTS NOTE | |
| Formatted contents note | Introduction to Communications (Page-1), Components (Page-33), Filter Circuits (Page-67), Oscillators (Page-117), Amplitude Modulation (Page-147), Frequency and Phase Modulation (Page-183), Transmitters (Page-227), Receivers (Page-255), Phase-Locked Loops (Page-281), Transmission Lines (Page-313), Data Communications (Page-353), Antennas and Propagation (Page-389). |
| 650 #0 - SUBJECT ADDED ENTRY--TOPICAL TERM | |
| Topical term or geographic name entry element | Telecommunications engineering. |
| 9 (RLIN) | 58485 |
| 942 ## - ADDED ENTRY ELEMENTS (KOHA) | |
| Source of classification or shelving scheme | |
| Koha item type | Book |
| Withdrawn status | Lost status | Source of classification or shelving scheme | Damaged status | Not for loan | Permanent Location | Current Location | Shelving location | Date acquired | Full call number | Barcode | Date last seen | Price effective from | Koha item type | Public note |
|---|---|---|---|---|---|---|---|---|---|---|---|---|---|---|
| Military College of Signals (MCS) | Military College of Signals (MCS) | General Stacks | 12/12/2016 | 621..382,HAR | MCS28179 | 12/08/2016 | 12/12/2016 | Book | Almirah No.35, Shelf No.3 |
